Chí Phèo : (Tập truyện ngắn)
Zapisane w:
| 1. autor: | |
|---|---|
| Format: | Książka |
| Język: | Undetermined |
| Wydane: |
Hà Nội
Văn học
2016
|
| Hasła przedmiotowe: | |
| Etykiety: |
Dodaj etykietę
Nie ma etykietki, Dołącz pierwszą etykiete!
|
| Thư viện lưu trữ: | Trung tâm Học liệu Trường Đại học Cần Thơ |
|---|
| LEADER | 00624nam a2200229Ia 4500 | ||
|---|---|---|---|
| 001 | CTU_233404 | ||
| 008 | 210402s9999 xx 000 0 und d | ||
| 020 | |c 40000 | ||
| 082 | |a 895.922332 | ||
| 082 | |b N104 | ||
| 100 | |a Nam Cao | ||
| 245 | 0 | |a Chí Phèo : | |
| 245 | 0 | |b (Tập truyện ngắn) | |
| 245 | 0 | |c Nam Cao | |
| 260 | |a Hà Nội | ||
| 260 | |b Văn học | ||
| 260 | |c 2016 | ||
| 650 | |a Tiểu thuyết Việt Nam,Vietnamese fiction | ||
| 650 | |y Thế kỷ 20,20th century | ||
| 904 | |i Trọng Hải | ||
| 910 | |b dqhieu | ||
| 980 | |a Trung tâm Học liệu Trường Đại học Cần Thơ | ||